00605nam a2200169Ia 4500001001000000003000500010008004100015010001100056040000900067082002200076100002800098245010100126260006300227300001100290650009300301710004100394Para_2930CHAP220125s1988 xx 000 0 und d a201452 cCHAP aPA 632.6513016 M6 aMontes Belmont, Roberto aNematología vegetal en México :b investigación documental /c por Roberto Montes Belmont aChapingo, Méx. :b Sociedad Mexicana de Fitopatología a158 p. aNemátodos parásitos de plantas x Bibliografía Nemátodos parásitos de plantas aSociedad Mexicana de Fitopatología